Change management and organizational transformation (Record no. 16464)

MARC details
000 -LEADER
fixed length control field 00524nam a2200181Ia 4500
008 - FIXED-LENGTH DATA ELEMENTS--GENERAL INFORMATION
fixed length control field 230917s9999||||xx |||||||||||||| ||und||
020 ## - ISBN
Price RS650
040 ## - CATALOGING SOURCE
-- 228846
Original cataloging agency VIVEKANANDA LIBRARY
041 ## - Language
-- English
082 ## - DDC NUMBER
Classification number 658.406 S23C(2)
100 ## - MAIN ENTRY--PERSONAL NAME
Personal name Sharma, Radha R
245 #0 - TITLE STATEMENT
Title Change management and organizational transformation
250 ## - EDITION STATEMENT
Edition statement 2nd ed.
260 ## - PUBLICATION, DISTRIBUTION, ETC. (IMPRINT)
Place of publication, distribution, etc New Delhi
Name of publisher, distributor, etc Tata McGraw Hill Education
Date of publication, distribution, etc 2012
300 ## - PHYSICAL DESCRIPTION
Pages xix, 298 p.
500 ## - GENERAL NOTE
General note 2164 12/10/2015 HBD15/1040 19/11/2015 IMSAR (Dev. & Research)
942 ## - ADDED ENTRY ELEMENTS (KOHA)
Koha item type Books
Holdings
Withdrawn status Lost status Damaged status Not for loan Location (home branch) Sublocation or collection (holding branch) Shelving location Date acquired Koha issues (times borrowed) Koha full call number Accession No. Koha date last seen Koha item type
        VIVEKANANDA LIBRARY VIVEKANANDA LIBRARY IMSAR Library 28/12/2015   658.406 S23C(2) 350743 17/09/2023 Books
        VIVEKANANDA LIBRARY VIVEKANANDA LIBRARY IMSAR Library 28/12/2015   658.406 S23C(2) 350744 17/09/2023 Books
© Designed and Maintained by Vivekananda Library, MDU Rohtak